Zoología /

Guardado en:
Autor Principal: Santos Lara, José Angel Dos
Formato: Libro
Publicado: Buenos Aires : Troquel, 1969
Edición:14
Materias:
Etiquetas: Agregar Etiqueta
Sin Etiquetas, Sea el primero en etiquetar este registro!
LEADER 00431nam a22001695a 4500
001 CEM.cems005783
005 20060214000000.0
008 130507s1969##################000#0#####d
003 CEMS
082 0 4 |a 591 
100 1 |a Santos Lara, José Angel Dos 
245 1 0 |a Zoología / 
250 |a 14 
260 |a Buenos Aires :  |b Troquel,  |c 1969 
300 |a 339 
653 |a Zoologia 
859 |a CEMS  |b BIB. CEMS - 11 de abril  |h 591  |i Sa59a14  |p 6068.77  |t Ej.1